| 000 | 00507nab a2200169 4500 | ||
|---|---|---|---|
| 999 |
_c372123 _d372123 |
||
| 001 | 46083 | ||
| 003 | OSt | ||
| 005 | 20230113141455.0 | ||
| 007 | tu | ||
| 008 | 110905s1974||||||| | ||
| 040 |
_aDE-2950 _cDE-2950 |
||
| 245 | 0 | 0 |
_aErinnerung an Günter de Bruyn / _cHubertus Fischer |
| 264 | _c2021 | ||
| 653 | _aBruyn, Günter de; Schriftsteller, Lehrer, Bibliothekar, Schriftsteller, 1926-2020 | ||
| 773 | 0 |
_tJahrbuch für Brandenburgische Landesgeschichte _gBd. 72, 2021, S. 344-347 _nII: 3884 |
|
| 942 |
_2z _cA |
||